[Event "Poznan op 28th"]
[Site "Poznan"]
[Date "2021.08.21"]
[Round "8"]
[White "Szymanski, Zbigniew1111"]
[Black "Anand, MP."]
[Result "1-0"]
[WhiteElo "1793"]
[BlackElo "1392"]
[PlyCount "119"]
[EventDate "2021.08.15"]
[EventType "swiss"]
[EventRounds "9"]
[EventCountry "POL"]
[SourceTitle "CBM 203 Extra"]
[Source "ChessBase"]
[SourceDate "2021.09.30"]
[SourceVersion "1"]
[SourceVersionDate "2021.09.30"]
[SourceQuality "1"]

1. b3 d5 2. Bb2 Nf6 3. e3 g6 4. c4 Bg7 5. Nf3 0-0 6. cxd5 Nxd5 7. Bxg7 Kxg7 8. Nc3 Nb4 9. d4 Bf5 10. Rc1 b6 11. a3 N4a6 12. Bc4 c5 13. Bd5 Nd7 14. Bxa8 Qxa8 15. h3 g5 16. 0-0 h6 17. Re1 Nc7 18. e4 Bg6 19. d5 Ne8 20. e5 Qb8 21. Qe2 e6 22. Rcd1 Qb7 23. Qc4 Nc7 24. dxe6 Nxe6 25. Qd5 Qxd5 26. Rxd5 Nb8 27. Rd6 Rc8 28. Ne4 c4 29. bxc4 Rxc4 30. Nf6 Nc6 31. Rd7 Rc3 32. Re3 Rc1+ 33. Kh2 Rc2 34. Rd2 Rc5 35. Ne8+ Kf8 36. Nd6 Bh5 37. g4 Bg6 38. Kg3 Rc1 39. Kh2 Rc5 40. Rd1 Rc2 41. Rd2 Rc5 42. Nf5 Bxf5 43. gxf5 Nf4 44. h4 g4 45. Kg3 Nd5 46. Red3 gxf3 47. Rxd5 Rc1 48. Kxf3 Rc3+ 49. Kg2 Rxa3 50. Rc2 Nb4 51. f6 Kg8 52. Rd8+ Kh7 53. Rc4 Rd3 54. Rf8 h5 55. Rxf7+ Kg6 56. Rg7+ Kf5 57. Rg5+ Ke6 58. Rxb4 Rd7 59. Rg7 Rd5 60. Re7+ 1-0